000 nam a22 7a 4500
999 _c8336
_d8336
008 180108b ||||| |||| 00| 0 eng d
100 _94750
_a SHAKESPEARE.W
245 _aTHE TEMPEST
260 _aNEW DELHI
_bHAR-ANAND
_c2017